| 000 | 00430 a2200169 4500 | ||
|---|---|---|---|
| 001 | 185997 | ||
| 020 | _a85-08-07963-3 | ||
| 040 | _cMagnum | ||
| 100 | _aVesentini, José William | ||
| 240 | 1 | 0 |
_aBrasil: sociedade e espaço - caderno de atividades _lpor |
| 245 | 1 | 0 | _aBrasil: sociedade e espaço - caderno de atividades |
| 300 | _a103 | ||
| 362 | 0 | _a2002 | |
| 440 | 1 | _aÁtica | |
| 697 | _aGEOGRAFIA DO BRASIL | ||
| 942 | _cBK | ||
| 999 |
_c185997 _d185997 |
||